Statistics for Psych

Click here to take the quiz!

General Stats

  • This quiz has been taken 131 times
  • The average score is 16 of 24

Answer Stats

HintAnswer% Correct
Main Character's best friendBurton Guster
100%
Main Character's main girlfriendJuliet O'hara
100%
What is hidden in every episodepineapple
100%
Main CharacterShawn Spencer
100%
Main Character's FatherHenry Spencer
99%
The business that the friends startedPsych
87%
Head detectiveCarlton Lassiter
86%
The Chief of PoliceKaren Vick
81%
Where the show takes placeSanta Barbara, California
79%
The coronerWoody
76%
The famous serial killer that has an interest in the main characterYang
76%
Main Character's "side girlfriend"Abigail
75%
What city does the main character move to in the last season?San Francisco
65%
Best friend's other jobpharmaceuticals
57%
The art thiefPierre Despereaux
55%
People say the best friend looks like himBud from the Cosby Show
51%
The head detective's wifeMarlowe
50%
Temporary replacement chiefTrout
50%
The channel this show comes onusa
50%
Where does the girlfriend transfer fromFlorida
46%
Dual Spires episode was a nod to what show?Twin Peaks
43%
The song the friends made upSuck it
24%
Head detective's daughter's nameLily Nora
23%
Who wants to party like it's 1888?Jamaican inspector man
16%

Score Distribution

Percentile by Number Answered

Percent of People with Each Score

Your Score History

You have not taken this quiz